All Call of Duty Killstreak Rewards - Statistics

General Stats
  • This quiz has been taken 70 times
  • The average score is 57 of 206
Answer Stats
Game Required Kills or Score Killstreak % Correct
Black Ops 4 | Infinite Warfare | Modern Warfare 2 | Modern Warfare 3 3 | 4 | 375 | +2 others UAV
94%
4 | 5 | 450 | +3 others Care Package
81%
4 Counter UAV
77%
4 | 5 | 475 | +2 others Counter-UAV
77%
25 Tactical Nuke
69%
9 | 10 | 11 Chopper Gunner
65%
7 | 11 Attack Dogs
63%
11 | 15 Juggernaut
63%
11 | 12 AC-130
60%
30 Nuke
56%
5 | 6 | 7 | +2 others Sentry Gun
56%
15 | 18 EMP
54%
3 | 325 | 500 RC-XD
54%
7 Attack Helicopter
52%
12 | 1250 Advanced UAV
50%
7 Harrier Strike
46%
5 Airstrike
44%
7 Helicopter
44%
5 Predator Missile
44%
11 | 12 | 1700 Gunship
42%
25 M.O.A.B.
42%
700 War Machine
42%
600 Death Machine
40%
8 Emergency Airdrop
38%
Black Ops 3 Spy Plane
38%
1400 Swarm
38%
5 | 6 Precision Airstrike
35%
9 | 12 Pavelow
33%
5 Artillery
31%
400 Hunter Killer
31%
9 | 14 Stealth Bomber
31%
800 Hellstorm
29%
8 Blackbird
27%
5 Napalm Strike
25%
Modern Warfare 3 Radar
25%
1150 Attack Chopper
23%
4 Counter Spy Plane
23%
1275 K9 Unit
23%
4 | 8 SAM Turret
23%
1025 Warthog
23%
550 | 750 | 900 Lightning Strike
21%
900 Orbital VSAT
21%
9 Reaper
21%
World at War 3 Recon Plane
21%
30 DNA Bomb
19%
5 Guard Dog
19%
500 | 700 Guardian
19%
8 | 950 Rolling Thunder
19%
7 Wheelson
19%
5 Cluster Strike
17%
5 Cruise Missile
17%
25 K.E.M. Strike
17%
750 Mortar Strike
17%
Ghosts 3 Sat Com
17%
9 | 1500 Strafe Run
17%
850 Stealth Chopper
15%
725 Bombing Run
13%
5 I.M.S.
13%
5 IMS
13%
1150 Lodestar
13%
6 Mortar Team
13%
3 Shield Turret
13%
8 VTOL Jet
13%
650 Dart
10%
725 Dragonfire
10%
500 Flamethrower
10%
650 Glide Bomb
10%
15 Loki
10%
1700 Mothership
10%
17 Osprey Gunner
10%
1250 Paratroopers
10%
1300 R.A.P.S
10%
2,4,6,8 | 2-17 Specialist
10%
1300 Strike Team
10%
7 Valkyrie Rockets
10%
1200 VTOL Warship
10%
9 AH-6 Overwatch
8%
10 Assault Drone
8%
5 | 8 Ballistic Vests
8%
1000 Escort Drone
8%
1200 H.A.T.R.
8%
Black Ops 3 400 HC-XD
8%
525 Hellstorm Missile
8%
10 Maniac
8%
Modern Warfare 3 Personal Radar
8%
10 Recon Drone
8%
800 A.G.R.
6%
1400 Ball Turret Gunner
6%
9 Battle Hind
6%
900 Cerberus
6%
1050 EMP Systems
6%
950 Flak Guns
6%
1600 G.I. Unit
6%
12 Helo Pilot
6%
10 Night Owl
6%
600 System Hack
6%
7 | 750 Trinity Rocket
6%
850 Artillery Barrage
4%
850 Bombardment
4%
25 De-Atomizer Strike
4%
550 Drone Package
4%
8 Emergency Airdop
4%
525 Fighter Pilot
4%
10 Gryphon
4%
14 | 18 Juggernaut Recon
4%
9 MAAWS
4%
900 Mantis
4%
16 Odin
4%
500 Recon Aircraft
4%
12 Remote Sentry
4%
11 Support Helo
4%
1050 Talon
4%
1300 T.H.O.R.
4%
850 Warbird
4%
450 Aerial Assault Drone
2%
Advanced Warfare 350 Aerial Recon Drone
2%
5 Airdop Trap
2%
12 Air Superiority
2%
6 Ammo Crate
2%
1550 AP-3X
2%
1200 Carpet Bombing
2%
425 Counter Recon Aircraft
2%
18 Escort Airdrop
2%
12 Ground Jammer
2%
850 Hardened Sentry
2%
13 Heli Sniper
2%
850 Hellfire Guided Missile
2%
7 Infantry Assault Vehicle
2%
2 Lightweight Pro
2%
650 Missile Strike
2%
WW2 300 Molotov Cocktails
2%
14 Oracle
2%
500 Orbital Care Package
2%
950 Paladin
2%
1400 Power Core
2%
1450 R-C8
2%
550 Remote Turret
2%
450 Scarab
2%
800 Scorchers
2%
900 Shock Sentry
2%
Black Ops Sharpshooter 1 Sleight of Hand Pro
2%
3 Steady Aim Pro
2%
11 Support Squadmate
2%
9 | 700 Vulture
2%
1100 Warden
2%
10 White Phosphoros
2%
1100 Wraith
2%
4 X2 Score
2%
775 XS1 Goliath
2%
600 XS1 Vulcan
2%
No matching quizzes found
Score Distribution
Percent of People with Each Score
Percentile by Number Answered
Your Score History
You have not taken this quiz